<?xml version="1.0" encoding="UTF-8"?>
<collection xmlns="http://www.loc.gov/MARC21/slim">
 <record>
  <leader>05489cam a2200901   4500</leader>
  <controlfield tag="001">1618471600</controlfield>
  <controlfield tag="003">DE-627</controlfield>
  <controlfield tag="005">20240317183212.0</controlfield>
  <controlfield tag="007">tu</controlfield>
  <controlfield tag="008">010712s2001    gw |||||      00| ||ger c</controlfield>
  <datafield tag="015" ind1=" " ind2=" ">
   <subfield code="a">01,N35,0814</subfield>
   <subfield code="2">dnb</subfield>
  </datafield>
  <datafield tag="015" ind1=" " ind2=" ">
   <subfield code="a">01,A50,1821</subfield>
   <subfield code="2">dnb</subfield>
  </datafield>
  <datafield tag="016" ind1="7" ind2=" ">
   <subfield code="a">962129712</subfield>
   <subfield code="2">DE-101</subfield>
  </datafield>
  <datafield tag="020" ind1=" " ind2=" ">
   <subfield code="a">3412094013</subfield>
   <subfield code="9">3-412-09401-3</subfield>
  </datafield>
  <datafield tag="024" ind1="3" ind2=" ">
   <subfield code="a">9783412094010</subfield>
  </datafield>
  <datafield tag="035" ind1=" " ind2=" ">
   <subfield code="a">(DE-627)1618471600</subfield>
  </datafield>
  <datafield tag="035" ind1=" " ind2=" ">
   <subfield code="a">(DE-576)092733603</subfield>
  </datafield>
  <datafield tag="035" ind1=" " ind2=" ">
   <subfield code="a">(DE-599)BSZ092733603</subfield>
  </datafield>
  <datafield tag="035" ind1=" " ind2=" ">
   <subfield code="a">(OCoLC)248295669</subfield>
  </datafield>
  <datafield tag="035" ind1=" " ind2=" ">
   <subfield code="a">(OCoLC)196185016</subfield>
  </datafield>
  <datafield tag="035" ind1=" " ind2=" ">
   <subfield code="a">(OCoLC)248295669</subfield>
  </datafield>
  <datafield tag="035" ind1=" " ind2=" ">
   <subfield code="a">(AT-OBV)AC03278457</subfield>
  </datafield>
  <datafield tag="035" ind1=" " ind2=" ">
   <subfield code="a">(DE-604)BV013880249</subfield>
  </datafield>
  <datafield tag="035" ind1=" " ind2=" ">
   <subfield code="a">(DE-605)HT013168194</subfield>
  </datafield>
  <datafield tag="040" ind1=" " ind2=" ">
   <subfield code="a">DE-627</subfield>
   <subfield code="b">ger</subfield>
   <subfield code="c">DE-627</subfield>
   <subfield code="e">rakwb</subfield>
  </datafield>
  <datafield tag="041" ind1=" " ind2=" ">
   <subfield code="a">ger</subfield>
  </datafield>
  <datafield tag="044" ind1=" " ind2=" ">
   <subfield code="c">XA-DE</subfield>
   <subfield code="c">XA-AT</subfield>
  </datafield>
  <datafield tag="050" ind1=" " ind2="0">
   <subfield code="a">N470</subfield>
  </datafield>
  <datafield tag="082" ind1="0" ind2="4">
   <subfield code="a">46</subfield>
  </datafield>
  <datafield tag="084" ind1=" " ind2=" ">
   <subfield code="a">46</subfield>
   <subfield code="2">sdnb</subfield>
  </datafield>
  <datafield tag="084" ind1=" " ind2=" ">
   <subfield code="a">9,10</subfield>
   <subfield code="2">ssgn</subfield>
  </datafield>
  <datafield tag="084" ind1=" " ind2=" ">
   <subfield code="a">AK 81500</subfield>
   <subfield code="2">rvk</subfield>
   <subfield code="0">(DE-625)rvk/2684:</subfield>
  </datafield>
  <datafield tag="084" ind1=" " ind2=" ">
   <subfield code="a">LH 29960</subfield>
   <subfield code="2">rvk</subfield>
   <subfield code="0">(DE-625)rvk/92951:</subfield>
  </datafield>
  <datafield tag="084" ind1=" " ind2=" ">
   <subfield code="a">LH 64900</subfield>
   <subfield code="2">rvk</subfield>
   <subfield code="0">(DE-625)rvk/94513:</subfield>
  </datafield>
  <datafield tag="084" ind1=" " ind2=" ">
   <subfield code="a">20.12</subfield>
   <subfield code="2">bkl</subfield>
  </datafield>
  <datafield tag="245" ind1="1" ind2="4">
   <subfield code="a">Die Zukunft der Alten Meister</subfield>
   <subfield code="b">Perspektiven und Konzepte für das Kunstmuseum von heute; [die Vorträge wurden am 25./26. November 2000 im Rahmen der Veranstaltung des Wallraf-Richartz-Museums und der Fritz-Thyssen-Stiftung, genannt &quot;Die Zukunft der Alten Meister. Ansichten - Theorien - Wirklichkeiten&quot;, im Stiftersaal des Wallraf-Richarts-Museums, Köln gehalten]</subfield>
   <subfield code="c">hrsg. von Ekkehard Mai ...</subfield>
  </datafield>
  <datafield tag="264" ind1=" " ind2="1">
   <subfield code="a">Köln</subfield>
   <subfield code="a">Weimar</subfield>
   <subfield code="a">Wien</subfield>
   <subfield code="b">Böhlau</subfield>
   <subfield code="c">2001</subfield>
  </datafield>
  <datafield tag="300" ind1=" " ind2=" ">
   <subfield code="a">VII, 257 S.</subfield>
   <subfield code="b">Ill.</subfield>
  </datafield>
  <datafield tag="336" ind1=" " ind2=" ">
   <subfield code="a">Text</subfield>
   <subfield code="b">txt</subfield>
   <subfield code="2">rdacontent</subfield>
  </datafield>
  <datafield tag="337" ind1=" " ind2=" ">
   <subfield code="a">ohne Hilfsmittel zu benutzen</subfield>
   <subfield code="b">n</subfield>
   <subfield code="2">rdamedia</subfield>
  </datafield>
  <datafield tag="338" ind1=" " ind2=" ">
   <subfield code="a">Band</subfield>
   <subfield code="b">nc</subfield>
   <subfield code="2">rdacarrier</subfield>
  </datafield>
  <datafield tag="500" ind1=" " ind2=" ">
   <subfield code="a">Literaturverz. S. [243] - 247</subfield>
  </datafield>
  <datafield tag="583" ind1="1" ind2=" ">
   <subfield code="a">Archivierung/Langzeitarchivierung gewährleistet</subfield>
   <subfield code="f">SSG</subfield>
   <subfield code="x">XA-DE-BW</subfield>
   <subfield code="2">pdager</subfield>
   <subfield code="5">DE-16</subfield>
  </datafield>
  <datafield tag="650" ind1=" " ind2="0">
   <subfield code="a">Art museums</subfield>
   <subfield code="x">Congresses</subfield>
   <subfield code="x">Management</subfield>
  </datafield>
  <datafield tag="650" ind1=" " ind2="0">
   <subfield code="a">Art and society</subfield>
   <subfield code="x">Congresses</subfield>
  </datafield>
  <datafield tag="655" ind1=" " ind2="7">
   <subfield code="a">Konferenzschrift</subfield>
   <subfield code="y">2000</subfield>
   <subfield code="z">Köln</subfield>
   <subfield code="0">(DE-588)1071861417</subfield>
   <subfield code="0">(DE-627)826484824</subfield>
   <subfield code="0">(DE-576)433375485</subfield>
   <subfield code="2">gnd-content</subfield>
  </datafield>
  <datafield tag="689" ind1="0" ind2="0">
   <subfield code="d">s</subfield>
   <subfield code="0">(DE-588)4166041-9</subfield>
   <subfield code="0">(DE-627)839448066</subfield>
   <subfield code="0">(DE-576)209899530</subfield>
   <subfield code="a">Kunstmuseum</subfield>
   <subfield code="2">gnd</subfield>
  </datafield>
  <datafield tag="689" ind1="0" ind2=" ">
   <subfield code="5">DE-101</subfield>
  </datafield>
  <datafield tag="689" ind1="1" ind2="0">
   <subfield code="d">s</subfield>
   <subfield code="0">(DE-588)4166041-9</subfield>
   <subfield code="0">(DE-627)839448066</subfield>
   <subfield code="0">(DE-576)209899530</subfield>
   <subfield code="a">Kunstmuseum</subfield>
   <subfield code="2">gnd</subfield>
  </datafield>
  <datafield tag="689" ind1="1" ind2=" ">
   <subfield code="5">(DE-627)</subfield>
  </datafield>
  <datafield tag="700" ind1="1" ind2=" ">
   <subfield code="a">Mai, Ekkehard</subfield>
   <subfield code="d">1946-2020</subfield>
   <subfield code="e">Hrsg.</subfield>
   <subfield code="0">(DE-588)108127389</subfield>
   <subfield code="0">(DE-627)392380765</subfield>
   <subfield code="0">(DE-576)162101139</subfield>
   <subfield code="4">edt</subfield>
  </datafield>
  <datafield tag="700" ind1="1" ind2=" ">
   <subfield code="a">Belting, Hans</subfield>
   <subfield code="d">1935-2023</subfield>
   <subfield code="e">VerfasserIn</subfield>
   <subfield code="0">(DE-588)118121162</subfield>
   <subfield code="0">(DE-627)079256171</subfield>
   <subfield code="0">(DE-576)160237157</subfield>
   <subfield code="4">aut</subfield>
  </datafield>
  <datafield tag="700" ind1="1" ind2=" ">
   <subfield code="a">Beaucamp, Eduard</subfield>
   <subfield code="d">1937-</subfield>
   <subfield code="e">VerfasserIn</subfield>
   <subfield code="0">(DE-588)120354683</subfield>
   <subfield code="0">(DE-627)080622429</subfield>
   <subfield code="0">(DE-576)160210674</subfield>
   <subfield code="4">aut</subfield>
  </datafield>
  <datafield tag="700" ind1="1" ind2=" ">
   <subfield code="a">Nerdinger, Winfried</subfield>
   <subfield code="d">1944-</subfield>
   <subfield code="e">VerfasserIn</subfield>
   <subfield code="0">(DE-588)129656909</subfield>
   <subfield code="0">(DE-627)47659720X</subfield>
   <subfield code="0">(DE-576)162360282</subfield>
   <subfield code="4">aut</subfield>
  </datafield>
  <datafield tag="700" ind1="1" ind2=" ">
   <subfield code="a">Grasskamp, Walter</subfield>
   <subfield code="d">1950-</subfield>
   <subfield code="e">VerfasserIn</subfield>
   <subfield code="0">(DE-588)120298139</subfield>
   <subfield code="0">(DE-627)080587178</subfield>
   <subfield code="0">(DE-576)161182399</subfield>
   <subfield code="4">aut</subfield>
  </datafield>
  <datafield tag="700" ind1="1" ind2=" ">
   <subfield code="a">Warnke, Martin</subfield>
   <subfield code="d">1937-2019</subfield>
   <subfield code="e">VerfasserIn</subfield>
   <subfield code="0">(DE-588)11586055X</subfield>
   <subfield code="0">(DE-627)077518543</subfield>
   <subfield code="0">(DE-576)16348094X</subfield>
   <subfield code="4">aut</subfield>
  </datafield>
  <datafield tag="700" ind1="1" ind2=" ">
   <subfield code="a">Winner, Matthias</subfield>
   <subfield code="d">1931-</subfield>
   <subfield code="e">VerfasserIn</subfield>
   <subfield code="0">(DE-588)119545632</subfield>
   <subfield code="0">(DE-627)08036196X</subfield>
   <subfield code="0">(DE-576)212932802</subfield>
   <subfield code="4">aut</subfield>
  </datafield>
  <datafield tag="700" ind1="1" ind2=" ">
   <subfield code="a">Hartmann, Eva</subfield>
   <subfield code="4">oth</subfield>
  </datafield>
  <datafield tag="710" ind1="2" ind2=" ">
   <subfield code="a">Wallraf-Richartz-Museum &amp; Fondation Corboud</subfield>
   <subfield code="0">(DE-588)10073784-5</subfield>
   <subfield code="0">(DE-627)380123509</subfield>
   <subfield code="0">(DE-576)199779236</subfield>
   <subfield code="4">oth</subfield>
  </datafield>
  <datafield tag="710" ind1="2" ind2=" ">
   <subfield code="a">Wallraf-Richartz-Museum</subfield>
   <subfield code="0">(DE-588)2026220-6</subfield>
   <subfield code="0">(DE-627)10222076X</subfield>
   <subfield code="0">(DE-576)191784834</subfield>
   <subfield code="4">oth</subfield>
  </datafield>
  <datafield tag="711" ind1="2" ind2=" ">
   <subfield code="a">Veranstaltung, Genannt Die Zukunft der Alten Meister, Ansichten - Theorien - Wirklichkeiten</subfield>
   <subfield code="d">2000</subfield>
   <subfield code="c">Köln</subfield>
   <subfield code="0">(DE-588)5532602-X</subfield>
   <subfield code="0">(DE-627)34387105X</subfield>
   <subfield code="0">(DE-576)198849184</subfield>
   <subfield code="4">oth</subfield>
  </datafield>
  <datafield tag="787" ind1="0" ind2="8">
   <subfield code="i">Rezensiert in</subfield>
   <subfield code="a">Marr, Thorsten, 1959 - </subfield>
   <subfield code="t">[Rezension von: Ekkehard Mai (Hg.), Die Zukunft der Alten Meister. Perspektiven und Konzepte für das Kunstmuseum von heute]</subfield>
   <subfield code="d">2003</subfield>
   <subfield code="w">(DE-627)1752569636</subfield>
  </datafield>
  <datafield tag="856" ind1="4" ind2="2">
   <subfield code="u">http://bvbm1.bib-bvb.de/webclient/DeliveryManager?pid=210975&amp;custom_att_2=simple_viewer</subfield>
   <subfield code="m">V:DE-604</subfield>
   <subfield code="q">application/pdf</subfield>
   <subfield code="3">Rezension</subfield>
  </datafield>
  <datafield tag="856" ind1="4" ind2="2">
   <subfield code="u">https://swbplus.bsz-bw.de/bsz092733603inh.htm</subfield>
   <subfield code="m">B:DE-576;DE-16</subfield>
   <subfield code="q">application/pdf</subfield>
   <subfield code="v">20090427203328</subfield>
   <subfield code="x">Verlag</subfield>
   <subfield code="3">Inhaltsverzeichnis</subfield>
  </datafield>
  <datafield tag="856" ind1="4" ind2="2">
   <subfield code="u">https://swbplus.bsz-bw.de/bsz092733603rez.htm</subfield>
   <subfield code="m">V:DE-576</subfield>
   <subfield code="q">text/html</subfield>
   <subfield code="3">Rezension</subfield>
  </datafield>
  <datafield tag="856" ind1="4" ind2="2">
   <subfield code="u">http://www.sehepunkte.de/2003/01/3030.html</subfield>
   <subfield code="m">V:DE-576;X:Sehepunkte</subfield>
   <subfield code="q">text/html</subfield>
   <subfield code="v">20180424113605</subfield>
   <subfield code="3">Rezension</subfield>
  </datafield>
  <datafield tag="856" ind1="4" ind2="2">
   <subfield code="u">http://www.gbv.de/dms/art-berlin/33043215X.pdf</subfield>
   <subfield code="m">V:DE-601</subfield>
   <subfield code="m">B:DE-B11</subfield>
   <subfield code="q">application/pdf</subfield>
   <subfield code="v">2016-08-05</subfield>
   <subfield code="x">Verlag</subfield>
   <subfield code="y">Inhaltsverzeichnis</subfield>
   <subfield code="3">Inhaltsverzeichnis</subfield>
  </datafield>
  <datafield tag="889" ind1=" " ind2=" ">
   <subfield code="w">(DE-627)33043215X</subfield>
  </datafield>
  <datafield tag="935" ind1=" " ind2=" ">
   <subfield code="i">mdedup</subfield>
  </datafield>
  <datafield tag="936" ind1="r" ind2="v">
   <subfield code="a">AK 81500</subfield>
   <subfield code="b">Tagungs- und Kongressberichte (CSN)</subfield>
   <subfield code="k">Allgemeines</subfield>
   <subfield code="k">Museumswesen, Museologie, Museumswissenschaft</subfield>
   <subfield code="k">Bibliografien und Sammelschriften</subfield>
   <subfield code="k">Tagungs- und Kongressberichte (CSN)</subfield>
   <subfield code="0">(DE-627)1270657771</subfield>
   <subfield code="0">(DE-625)rvk/2684:</subfield>
   <subfield code="0">(DE-576)200657771</subfield>
  </datafield>
  <datafield tag="936" ind1="r" ind2="v">
   <subfield code="a">LH 29960</subfield>
   <subfield code="b">Museumskunde, Museumsgeschichte (allgemein)</subfield>
   <subfield code="k">Kunstgeschichte</subfield>
   <subfield code="k">Allgemeines. Allgemeine Kunstgeschichte</subfield>
   <subfield code="k">Museumskunde. Museumskataloge</subfield>
   <subfield code="k">Museumskunde, Museumsgeschichte (allgemein)</subfield>
   <subfield code="0">(DE-627)1270644238</subfield>
   <subfield code="0">(DE-625)rvk/92951:</subfield>
   <subfield code="0">(DE-576)200644238</subfield>
  </datafield>
  <datafield tag="936" ind1="r" ind2="v">
   <subfield code="a">LH 64900</subfield>
   <subfield code="b">20. Jahrhundert</subfield>
   <subfield code="k">Kunstgeschichte</subfield>
   <subfield code="k">Allgemeines. Allgemeine Kunstgeschichte</subfield>
   <subfield code="k">Allgemeine Kunstgeschichte: Quellen</subfield>
   <subfield code="k">Quellenschriften zur gesamten Kunstgeschichte</subfield>
   <subfield code="k">Gesammelte Aufsätze mehrerer Künstler bzw. Kunstschriftsteller des 19., 20. und 21. Jahrhunderts</subfield>
   <subfield code="k">20. Jahrhundert</subfield>
   <subfield code="0">(DE-627)1270637940</subfield>
   <subfield code="0">(DE-625)rvk/94513:</subfield>
   <subfield code="0">(DE-576)200637940</subfield>
  </datafield>
  <datafield tag="936" ind1="b" ind2="k">
   <subfield code="a">20.12</subfield>
   <subfield code="j">Kunstmuseum</subfield>
   <subfield code="0">(DE-627)106415700</subfield>
  </datafield>
  <datafield tag="951" ind1=" " ind2=" ">
   <subfield code="a">BO</subfield>
  </datafield>
  <datafield tag="990" ind1=" " ind2=" ">
   <subfield code="a">Kunstmuseum</subfield>
  </datafield>
  <datafield tag="990" ind1=" " ind2=" ">
   <subfield code="a">Kunstmuseum</subfield>
  </datafield>
  <datafield tag="991" ind1=" " ind2=" ">
   <subfield code="a">Rezensiertes Werk</subfield>
  </datafield>
  <datafield tag="999" ind1=" " ind2=" ">
   <subfield code="a">KXP-PPN1618471600</subfield>
   <subfield code="e">4032394741</subfield>
  </datafield>
 </record>
</collection>
